| 000 | 01111nam a2200373 a 4500 | ||
|---|---|---|---|
| 003 | AR-BaBNM | ||
| 005 | 20251128210117.0 | ||
| 008 | 082120s2002 ||||||||||||||000 | spa|| | ||
| 020 | _a987-97090-1-2 | ||
| 040 | _cAR-BaBNM | ||
| 100 | 1 | _aVera, Elba María | |
| 245 | 0 | 0 |
_aLa enseñanza de la lectura y la escritura _bcómo empezar |
| 250 | _a1ª ed. | ||
| 260 |
_aBuenos Aires _bEdiciones caminos... _c1998 |
||
| 300 |
_a92 p. _bil. |
||
| 490 | 0 | _aAportes para la transformación educativa | |
| 500 | _aContiene referencias bibliográficas | ||
| 650 | 4 | _aVOCABULARIO | |
| 650 | 4 | _aESCRITURA | |
| 650 | 4 | _aDESARROLLO DEL LENGUAJE | |
| 650 | 4 | _aEXPRESION ORAL | |
| 650 | 4 | _aRELACION ALUMNO-DOCENTE | |
| 650 | 4 | _aENSEÑANZA DE LA ESCRITURA | |
| 650 | 4 | _aENSEÑANZA DE LA LECTURA | |
| 650 | 4 | _aPROCESO DE LECTURA | |
| 650 | 4 | _aMETODOS DE ENSEÑANZA | |
| 653 | _aENSENANZA DE LA LENGUA | ||
| 653 | _aPRIMER CICLO DE LA EGB | ||
| 653 | _aCOMPRENSION LECTORA | ||
| 700 | 1 |
_aBraslavsky, Berta P. de _eprologuista |
|
| 800 | 1 | _aPastorini, Hector Oscar | |
| 942 | _cBK | ||
| 998 | _cRaquel | ||
| 999 |
_c14083 _d14083 |
||